Hotel operations management / (Record no. 362992)
[ view plain ]
| 000 -LEADER | |
|---|---|
| fixed length control field | 00488nam a2200145Ia 4500 |
| 008 - FIXED-LENGTH DATA ELEMENTS--GENERAL INFORMATION | |
| fixed length control field | 200226s9999 xx 000 0 und d |
| 020 ## - INTERNATIONAL STANDARD BOOK NUMBER | |
| International Standard Book Number | 978-0-13-433762-3 |
| 100 ## - MAIN ENTRY--PERSONAL NAME | |
| Personal name | Hayes, David K. |
| 245 ## - TITLE STATEMENT | |
| Statement of responsibility, etc | David K. Hayes, Jack Ninemeier, Allisha A. Miller.-- |
| Title | Hotel operations management / |
| 250 ## - EDITION STATEMENT | |
| Edition statement | 3rd ed. |
| 260 ## - PUBLICATION, DISTRIBUTION, ETC. (IMPRINT) | |
| Place of publication, distribution, etc | Boston : |
| Name of publisher, distributor, etc | Pearson Education, Inc. |
| Date of publication, distribution, etc | 2017 |
| 300 ## - PHYSICAL DESCRIPTION | |
| Extent | xix , 595 pages : |
| Other physical details | color illustration ; |
| Dimensions | 26 cm. |
| 500 ## - GENERAL NOTE | |
| General note | includes indexes. |
| 650 ## - SUBJECT ADDED ENTRY--TOPICAL TERM | |
| Topical term or geographic name as entry element | Hotel management. |
| Withdrawn status | Lost status | Damaged status | Home library | Current library | Shelving location | Date acquired | Source of acquisition | Total Checkouts | Total Renewals | Full call number | Barcode | Date last seen | Date checked out | Price effective from | Koha item type |
|---|---|---|---|---|---|---|---|---|---|---|---|---|---|---|---|
| College Library | College Library | Reserve Section | 02/26/2020 | Library Fund | 1 | 4 | TX 911.3 M27 .H39 2017 | C22091 | 03/04/2025 | 01/24/2025 | 02/26/2020 | Books |